| 000 | 00000nas 2200000za 4500 |
| 001 | 9.501254 |
| 003 | CaOODSP |
| 005 | 20250403104654 |
| 007 | cr ||||||||||| |
| 008 | 150406c2001||||xxc|| m o||||f| |0fre|d |
| 022 | |a1712-8110 |
| 040 | |aCaOODSP|bfre |
| 043 | |an-cn--- |
| 086 | 1 |aCS71-0031F-PDF |
| 245 | 00|aAméliorations apportées à l'Enquête sur la population active (EPA) / |h[ressource électronique]|c[Publié par la] Division de la statistique du travail. |
| 260 | |aOttawa - Ontario : |bStatistique Canada |
| 310 | |aIrrégulier |
| 362 | 1 |aN° 001 (2000)-- |
| 520 | 3 |aUne introduction ainsi qu'une discussion sur les modifications apportées aux estimations de l'Enquête sur la population active. |
| 710 | 2 |aStatistique Canada. |
| 775 | 08|tImprovements to the Labour Force Survey (LFS) / |w(CaOODSP)9.504850 |